Ideology and national competitiveness : an analysis of nine countries (Record no. 210966)

MARC details
000 -LEADER
fixed length control field 00811nam a2200265Ia 4500
008 - FIXED-LENGTH DATA ELEMENTS--GENERAL INFORMATION
fixed length control field 191130s1987##################000#0#eng##
020 ## - INTERNATIONAL STANDARD BOOK NUMBER
ISBN 9780875841472
082 ## - DEWEY DECIMAL CLASSIFICATION NUMBER
Classification number 338.6048 LOD
245 ## - TITLE STATEMENT
Title Ideology and national competitiveness : an analysis of nine countries
Statement of responsibility, etc edited by George C. Lodge and Ezra F. Vogel
260 ## - PUBLICATION, DISTRIBUTION, ETC. (IMPRINT)
Place of publication Boston, Mass
Name of publisher Harvard Business School
Year of publication c1987
300 ## - PHYSICAL DESCRIPTION
Number of Pages x, 350 p. ; 24 cm
500 ## - GENERAL NOTE
General note Includes index. Bibliography: p. 327-342
650 ## - SUBJECT ADDED ENTRY--TOPICAL TERM
Topical Term Communities
Topical Term Competition, International
Topical Term Economics
Topical Term Ideology
Topical Term Individualism
700 ## - ADDED ENTRY--PERSONAL NAME
Personal name Lodge, George C
Personal name Vogel, Ezra F
991 ## -
-- 202446
Holdings
Withdrawn status Lost status Damaged status Not for loan Home library Current library Shelving location Date acquired Full call number Accession Number Price effective from Koha item type
        Anna Centenary Library Anna Centenary Library 4TH FLOOR, A WING 13.10.2020 338.6048 LOD 504143 13.10.2020 English Books

Find us on the map